书目信息 |
| 题名: |
中国古代铜器艺术美
|
|
| 作者: | 木菁 编著 | |
| 分册: | ||
| 出版信息: | 乌鲁木齐 新疆美术摄影出版社 2015 |
|
| 页数: | 153页 | |
| 开本: | 23cm | |
| 丛书名: | 中国美丛书 | |
| 单 册: | ||
| 中图分类: | K876.414 | |
| 科图分类: | ||
| 主题词: | 青铜器(考古)--qing tong qi (kao gu )--艺术美学--中国 | |
| 电子资源: | ||
| ISBN: | 978-7-5469-6033-3 | |
| 000 | 00842nam0 22002531 450 | |
| 001 | 0120082039 | |
| 005 | 20170320082039.0 | |
| 010 | @a978-7-5469-6033-3@dCNY20.00 | |
| 100 | @a20150828d2015 em y0chiy50 ea | |
| 101 | 0 | @achi |
| 102 | @aCN@b650000 | |
| 105 | @ay z 000yy | |
| 106 | @ar | |
| 200 | 1 | @a中国古代铜器艺术美@9zhong guo gu dai tong qi yi shu mei@f木菁编著 |
| 210 | @a乌鲁木齐@c新疆美术摄影出版社@d2015 | |
| 215 | @a153页@d23cm | |
| 225 | 2 | @a中国美丛书@9zhong guo mei cong shu |
| 330 | @a本书介绍了中国古代铜器艺术美,书中很多内容都是第一手资料,图文并茂。是艺术爱好者所喜爱的图书。 | |
| 461 | 0 | @12001 @a中国美丛书 |
| 606 | 0 | @a青铜器(考古)@9qing tong qi (kao gu )@x艺术美学@y中国 |
| 690 | @aK876.414@v5 | |
| 701 | 0 | @a木菁@9mu jing@4编著 |
| 801 | 0 | @aCN@bTANGWEI@c20170308 |
| 905 | @b0955512-5@dK876.414@e325@f4 | |
| 中国古代铜器艺术美/木菁编著.-乌鲁木齐:新疆美术摄影出版社,2015 |
| 153页;23cm.-(中国美丛书) |
| ISBN 978-7-5469-6033-3:CNY20.00 |
| 本书介绍了中国古代铜器艺术美,书中很多内容都是第一手资料,图文并茂。是艺术爱好者所喜爱的图书。 |
| ● |
| 相关链接 |
|
|
|
|
正题名:中国古代铜器艺术美
索取号:K876.414/325
 
预约/预借
| 序号 | 登录号 | 条形码 | 馆藏地/架位号 | 状态 | 备注 |
| 1 | 0955512 | 209555122 | 第二样本阅览室/ [索取号:K876.414/325] | 在馆 | |
| 2 | 0955513 | 209555131 | 第二借阅区/ [索取号:K876.414/325] | 在馆 | |
| 3 | 0955514 | 209555140 | 第二借阅区/ [索取号:K876.414/325] | 在馆 | |
| 4 | 0955515 | 209555159 | 第二借阅区/ [索取号:K876.414/325] | 在馆 |